Illapu. Songbook

Saved in:
Bibliografiske detaljer
Andre forfattere: Santa María, Rodrigo (Editor)
Format: Bog
Sprog:engelsk
Udgivet: Berlín, Alemania: Rodrigo Santa María, 2021
Fag:
Online adgang:Disponible Online
Tags: Tilføj Tag
Ingen Tags, Vær først til at tagge denne postø!

MARC

LEADER 00000nam a22000007a 4500
003 CL-VaPUC
005 20220718080000.0
008 220328b2021 ||||| |||| 00| 0 eng d
999 |c 435152  |d 435150 
040 |c Pontificia Universidad Católica de Valparaíso 
082 0 4 |2 22  |a 780.983 SAN 2021 
100 1 |a Santa María, Rodrigo  |e editor  |9 867743 
245 1 0 |a Illapu.  |b Songbook 
260 |a Berlín, Alemania:  |b Rodrigo Santa María,  |c 2021 
300 |a 223 páginas; ilustraciones 
500 |a C.1-C.3 Donación Profesor Samuel Quezada. Memo 09/03/2022 
583 |c 20220328  |k Catalogador Asistente 
600 |a Illapu,  |d 1971-  |9 871734 
650 1 |a Música chilena  |x Música folklórica  |9 870915 
650 1 |a Música chilena  |x Música andina  |9 871735 
650 1 |a Compositores chilenos  |x Partituras  |9 871736 
650 1 |a Músicos chilenos  |x Partituras  |9 871737 
856 |u https://rodrigosantamt.files.wordpress.com/2022/02/illapu-songbook_web-3.pdf  |y Disponible Online 
942 |2 ddc  |c BK 
952 |0 0  |1 0  |2 ddc  |4 0  |6 780_983000000000000_SAN_2021  |7 0  |8 A  |9 582175  |a BIBEDU  |b BIBEDU  |c GEN  |d 2022-03-28  |e Donación  |i 5650384  |o 780.983 SAN 2021  |p 5650384  |r 2023-01-12  |t 1  |w 2022-03-28  |y BK  |k MUS 
952 |0 0  |1 0  |2 ddc  |4 0  |6 780_983000000000000_SAN_2021  |7 0  |8 A  |9 582176  |a BIBEDU  |b BIBEDU  |c GEN  |d 2022-03-28  |e Donación  |i 5650385  |o 780.983 SAN 2021  |p 5650385  |r 2023-01-12  |t 2  |w 2022-03-28  |y BK  |k MUS 
952 |0 0  |1 0  |2 ddc  |4 0  |6 780_983000000000000_SAN_2021  |7 0  |8 A  |9 582177  |a BIBEDU  |b BIBEDU  |c GEN  |d 2022-03-28  |i 5650386  |o 780.983 SAN 2021  |p 5650386  |r 2023-01-12  |t 3  |w 2022-03-28  |y BK  |k MUS